000 00392nam a2200169Ia 4500
008 230711s9999||||xx |||||||||||||| ||und||
020 _a978-0-552-77250-1
041 _aENG
082 _a800
_bSW-Q
100 _aSwarup,Vikas
245 0 _aQ and A the original novel
250 _a1st Ed.
260 _c2006
_aNew Delhi
_bBlack Swan
300 _a362
650 _aLiterature
942 _cBK
999 _c5282
_d5282